Normal view
MARC view
- جابر،خليل حسن
Entry Personal Name
001 - CONTROL NUMBER
- control field: 8436
003 - CONTROL NUMBER IDENTIFIER
- control field: JO-AjAnu
005 - DATE AND TIME OF LATEST TRANSACTION
- control field: 20230606071648.0
008 - FIXED-LENGTH DATA ELEMENTS
- fixed length control field: 230606|| aca||aabn | a|a d
040 ## - CATALOGING SOURCE
- Original cataloging agency: JO-AjAnu
- Transcribing agency: JO-AjAnu
100 ## - HEADING--PERSONAL NAME
- Personal name: جابر،خليل حسن
670 ## - SOURCE DATA FOUND
- Source citation: Work cat.: (JO-AjAnu)4355: جابر،خليل حسن, author, بنو اسرائيل والإفساد الثالث ونهايتهم حتمية قرآنية توراتية إنجيلية